| 000 | 00660nam a22002057a 4500 | ||
|---|---|---|---|
| 003 | 0 | ||
| 005 | 20250822104641.0 | ||
| 008 | 250822b xxu||||| |||| 00| 0 eng d | ||
| 020 | _a979-8-89161-653-0 | ||
| 050 |
_aPE 1112 _b.P37 2025 |
||
| 100 |
_aParker, Dennis, _eauthor. |
||
| 245 |
_aEnglish grammar and composition / _cDennis Parker. |
||
| 260 |
_aJersey City, USA : _bAlexis Press, _c2025. |
||
| 300 |
_ax, 349 pages ; _c27 cm. |
||
| 504 | _aIncludes bibliographical references and index. | ||
| 650 |
_aEnglish language _xGrammar. |
||
| 650 |
_aEnglish language _xComposition and exercises. |
||
| 650 |
_aEnglish language _xRhetoric. |
||
| 942 |
_2lcc _cBK |
||
| 999 |
_c367563 _d367563 |
||